Logo BPK

Biblioteka

Politechniki Koszalińskiej

Detekty i diffuzija v epitaksialnych strukturach / (Rekord nr 10034)

Szczegóły MARC
000 -ETYKIETA REKORDU
podpole kontrolne o stałej długości 00360nam a2200145 i 4500
001 - NUMER KONTROLNY REKORDU
pole kontrolne bg
040 ## - ŹRÓDŁO KATALOGOWANIA
Instytucja, która utworzyła rekord BPK
041 ## - KOD JĘZYKA
Kod języka tekstu pol
080 ## - UNIWERSALNA KLASYFIKACJA DZIESIĘTNA - UKD
UKD 537.311.33
008 - POLE O STAŁEJ DŁUGOŚCI - DANE KONTROLNE
podpole kontrolne o stałej długości s pl f |000 0 pol
100 1# - NAZWA OSOBOWA
Nazwa osobowa DŻAFAROV, T. D.
245 #0 - TYTUŁ/ODPOWIEDZIALNOŚĆ
Tytuł Detekty i diffuzija v epitaksialnych strukturach /
Pozostałe elementy strefy tytułu i oznaczenia odpowiedzialności T.D. Dżafarov.
260 ## - STREFA ADRESU WYDAWNICZEGO
Miejsce wydania Leningrad,
Data publikacji, dystrybucji/powstania dokumentu 1978.
856 ## - LOKALIZACJA I DOSTĘP DO ELEKTRONICZNYCH DOKUMENTÓW ZDALNYCH
Link (URL) http://koha.tu.koszalin.pl/cgi-bin/koha/opac-detail.pl?biblionumber=10034
Tekst linku Katalog online BPK
942 ## - DODATKOWE ELEMENTY (KOHA)
Typ dokumentu Książka
Egzemplarze
Wycofany Status egzemplarza Uszkodzony Dostępność Lokalizacja stała Lokalizacja bieżąca Miejsce przechowywania Sygnatura Kod kreskowy Typ dokumentu
      Dostępny Biblioteka Politechniki Koszalińskiej Biblioteka Politechniki Koszalińskiej Wypożyczalnia BG 25587 01667462 Książka
© 2023 Biblioteka Politechniki Koszalińskiej :: KOHA